000 00949cam a2200301 a 4500
999 _c228
_d228
001 16976100
003 OSt
005 20210610083135.0
008 110919s2012 nyua b 001 0 eng c
010 _a 2011039297
020 _a9780199759491
040 _aNIC/DLC
_cNIC
_dDLC
043 _aa------
050 0 0 _aBL1033
_b.E87 2012
082 0 0 _a200.95
_223
100 1 _aEsposito, John L.
245 1 0 _aReligions of Asia today /
_cJohn L. Esposito, Darrell J. Fasching, Todd Lewis.
250 _a2nd ed.
260 _aNew York :
_bOxford University Press,
_cc2012.
300 _a1 v. (various pagings) :
_bill., maps ;
_c24 cm.
504 _aIncludes bibliographical references and index.
651 0 _aAsia
_xReligion.
700 1 _aFasching, Darrell J.,
_d1944-
700 1 _aLewis, Todd,
_d1952-
906 _a7
_bcbc
_corignew
_d1
_eecip
_f20
_gy-gencatlg
942 _2lcc
_cBK
_nSO